00430nam a22001577a 4500003000900000005001700009008004100026040002300067041000800090082001300098100001800111245005200129260004200181300002200223650002700245BDDh-ASL20231015031355.0230507s2008 b ||||| |||| 00| 0 eng d aBDDh-ASLcBDDh-ASL aeng a954bNAH1 aNazli, Bilqis12aA History of Bengal : bFor Secondary School /  aDhaka : bTonima Publishing, c2008.  a73 p. : c25 cm.  0aHistory of Bangladesh